000 01036nam a2200265 i 4500
001 18375
003 DO-SdUEMH
005 20260418190113.0
007 ta
008 260202s2025 dr a|||gr|||| 00| 0dspa d
020 _a9789945300215
040 _aDO-SdUEMH
_bspa
_erda
041 _aspa
082 0 4 _aRD862.5
_bB666t
100 1 _eaut
245 1 3 _aEl teatro de Hamlet Bodden /
_cHamlet Bodden
264 1 _aSanto Domingo, República Dominicana :
_c2025
264 4 _c2025
300 _a177 páginas :
_bilustraciones ;
_c25 cm.
336 _2rdacontent
_atexto
_btxt
337 _2rdamedia
_asin mediación
_bn
338 _2rdacarrier
_avolumen
_bnc
505 2 _aCapítulo 1: Hamlet Bodden, un dramaturgo que se jondea. Notas sueltas de un compañero dramaturgo — Por Canek Denis -- Capítulo 2: Sufre -- Capítulo 3: KD-4 o la prueba del hilo -- Capítulo 4: Algunas escenas antes de la muerte de Julio -- Capítulo 5: A.D.I.O.S. -- Capítulo 6: Dadidá -- Capítulo 7: Bachata -- Capítulo 8: Hashtag.
942 _2ddc
_cBK
_n0
999 _c18375
_d18375